El sapito glo glo glo /

Guardado en:
Autor Principal: Tallon, José Sebastián
Otros Autores: De Lorenzi, Miguel; il.
Formato: Libro
Publicado: Buenos Aires : Colihue, 2013
Series:Los morochitos / Laura Devetach y Gustavo Roldán
Materias:
Etiquetas: Agregar Etiqueta
Sin Etiquetas, Sea el primero en etiquetar este registro!
LEADER 00817nam a22002535a 4500
001 CEM.cems015337
005 20191119155631.0
008 130507s2013##################000#0#####d
003 CEMS
020 |a 9789876848992 
082 0 4 |a A861.4 
100 1 |a Tallon, José Sebastián 
245 1 0 |a El sapito glo glo glo /  |c José Sebastián Tallon ; lisutrado Por Miguel de Lorenzi 
260 |a Buenos Aires :  |b Colihue,  |c 2013 
300 |a 12 p. 
490 0 |a Los morochitos / Laura Devetach y Gustavo Roldán 
653 |a Literatura 
653 |a Literatura argentina 
653 |a Literatura infantil 
653 |a Poesía 
653 |a Poesía infantil 
653 |a Colección ciencias de la educación 
700 1 |a De Lorenzi, Miguel; il. 
859 |a CEMS  |b BIB. CEMS - Ccias. Educacion  |h A861.4  |i T149-2  |k CE  |p 28581.19  |t Ej.1